[Event "Taastrup Quick Weekend XIII B4 2011"]
[Site "Taastrup"]
[Date "2011.04.01"]
[Round "1"]
[White "Koch Muller, Victor"]
[Black "Petersen, Albert Emil Lyng"]
[Result "1/2-1/2"]
[WhiteElo "1000"]
[BlackElo "1088"]
[PlyCount "122"]
[EventDate "2011.??.??"]

1. e4 e5 2. Nf3 Nf6 3. Nxe5 d6 4. Nd3 Nxe4 5. Qe2 Qe7 6. Nc3 Nxc3 7. bxc3 Nc6
8. Nb4 Bf5 9. Nd5 Qxe2+ 10. Kxe2 Be7 11. Nxc7+ Kd7 12. Nxa8 Rxa8 13. Rb1 b6 14.
f3 Bxc2 15. Rb2 Ba4 16. Ke1 Re8 17. Kf2 d5 18. g3 Ba3 19. Rb1 Bc2 20. Ra1 Bc5+
21. Kg2 d4 22. Bb5 dxc3 23. dxc3 Kc7 24. Bf4+ Kb7 25. Rae1 Rd8 26. Rc1 Bf5 27.
Rcd1 Rxd1 28. Rxd1 Bc2 29. Rd7+ Kc8 30. Rc7+ Kd8 31. Bxc6 g5 32. Bxg5+ Kxc7 33.
Be4 Bxe4 34. fxe4 Kd6 35. Bf4+ Ke6 36. g4 b5 37. Kh3 Ba3 38. Kh4 Kf6 39. Bg5+
Kg6 40. Bd2 f6 41. Be3 Bb2 42. Bxa7 Bxc3 43. Be3 Be1+ 44. Kh3 Bb4 45. Kg3 Bd6+
46. Kf3 Bxh2 47. Bf4 Bg1 48. Ke2 Bd4 49. Kd3 Ba1 50. Kc2 h5 51. gxh5+ Kxh5 52.
Kb3 Kg4 53. Bd6 Kf3 54. e5 fxe5 55. Bxe5 Bxe5 56. Kb4 Ke4 57. Kxb5 Kd5 58. a4
Kd6 59. a5 Kc7 60. a6 Kb8 61. Kb6 Ka8 1/2-1/2

[Event "Taastrup Quick Weekend XIII B4 2011"]
[Site "Taastrup"]
[Date "2011.04.01"]
[Round "1"]
[White "Larsen, Julie"]
[Black "Hansen, Erik Friberg"]
[Result "1-0"]
[WhiteElo "1160"]
[BlackElo "1209"]
[PlyCount "75"]
[EventDate "2011.??.??"]

1. e4 d5 2. exd5 Qxd5 3. Nc3 Qa5 4. d4 c6 5. Bd2 Qc7 6. Nf3 Bg4 7. Be2 Nf6 8.
Ne5 Bxe2 9. Qxe2 e6 10. Bf4 Bd6 11. Bg3 Nbd7 12. O-O O-O 13. Rfe1 Nd5 14. Nxd5
cxd5 15. c3 Rae8 16. Qf3 f6 17. Nd3 Bxg3 18. fxg3 Nb6 19. Nf4 Qd6 20. Qg4 e5
21. Nd3 Nd7 22. Re2 f5 23. Qg5 Qf6 24. Qd2 f4 25. Rf1 Qg5 26. dxe5 Nxe5 27.
gxf4 Nc4 28. fxg5 Nxd2 29. Rxd2 b6 30. Rxf8+ Rxf8 31. Ne5 Rf5 32. Rxd5 g6 33.
h4 a6 34. Rd8+ Kg7 35. Nc6 Rf4 36. g3 Re4 37. Kf2 Re7 38. Nxe7 1-0

[Event "Taastrup Quick Weekend XIII B4 2011"]
[Site "Taastrup"]
[Date "2011.04.01"]
[Round "1"]
[White "Drygaard, Mikkel"]
[Black "Koch Mueller, Jesper"]
[Result "1-0"]
[WhiteElo "1071"]
[BlackElo "1000"]
[PlyCount "57"]
[EventDate "2011.??.??"]

1. d4 Nf6 2. c4 e5 3. dxe5 Ng4 4. Nf3 Bb4+ 5. Nbd2 O-O 6. e3 c5 7. Bd3 g6 8. b3
Bc3 9. Rb1 Qa5 10. Bb2 b6 11. Qe2 Bxd2+ 12. Qxd2 Qxd2+ 13. Nxd2 Bb7 14. f3 Nxe3
15. Kf2 Nc2 16. Bxc2 Nc6 17. Be4 Rab8 18. a3 a5 19. h4 Rfe8 20. f4 f5 21. exf6
Re6 22. h5 Bc8 23. Bd5 Kf8 24. Bxe6 dxe6 25. hxg6 hxg6 26. Rh8+ Kf7 27. Rbh1
Nd4 28. R1h7+ Kxf6 29. Rf8# 1-0

[Event "Taastrup Quick Weekend XIII B4 2011"]
[Site "Taastrup"]
[Date "2011.04.01"]
[Round "1"]
[White "Brix, Nicolai"]
[Black "Borregaard, Katinka Holmboe"]
[Result "1-0"]
[WhiteElo "1207"]
[BlackElo "1028"]
[PlyCount "63"]
[EventDate "2011.??.??"]

1. e4 e5 2. d4 exd4 3. c3 dxc3 4. Nxc3 Bc5 5. Bc4 d6 6. Nf3 Nf6 7. O-O O-O 8.
Qb3 h6 9. e5 dxe5 10. Nxe5 Qe7 11. Ng6 Qe8 12. Nxf8 Bxf8 13. Bf4 c6 14. Rad1
Be7 15. Rfe1 Qf8 16. Ne4 Nbd7 17. Nd6 Nc5 18. Bxf7+ Kh8 19. Qe3 Bxd6 20. Bxd6
Qxf7 21. Bxc5 Bd7 22. Qe7 Be8 23. Qxf7 Bxf7 24. b3 b6 25. Bd4 Nd5 26. Re4 c5
27. Bb2 Nb4 28. Re7 Bh5 29. Rdd7 Nc6 30. Rxg7 Re8 31. Rh7+ Kg8 32. Rh8# 1-0

[Event "Taastrup Quick Weekend XIII B4 2011"]
[Site "Taastrup"]
[Date "2011.04.01"]
[Round "1"]
[White "Hansen, Jorgen Holm"]
[Black "Morling, Aase"]
[Result "0-1"]
[WhiteElo "1000"]
[BlackElo "1137"]
[PlyCount "110"]
[EventDate "2011.??.??"]

1. e4 e5 2. Nf3 Nc6 3. Bb5 a6 4. Bc4 Bc5 5. O-O Nf6 6. Ng5 O-O 7. d3 d6 8. Nc3
Bg4 9. Qd2 b5 10. Bd5 Nxd5 11. Nxd5 h6 12. Nf3 Nd4 13. Nxd4 Bxd4 14. c3 Ba7 15.
d4 exd4 16. cxd4 Be6 17. Qd3 c6 18. Nf4 Bc4 19. Qg3 Bxf1 20. Kxf1 Qg5 21. Qxg5
hxg5 22. Ne2 f6 23. h3 c5 24. d5 Kf7 25. b3 Rac8 26. Be3 Rc7 27. a3 c4 28. Bd2
Bb6 29. Bb4 Ke7 30. Rd1 cxb3 31. Rb1 a5 32. Bc3 a4 33. Bd4 Bxd4 34. Nxd4 Rb7
35. Ne6 Rg8 36. Nd4 g6 37. g4 Kd7 38. f3 b4 39. Nxb3 axb3 40. Rxb3 Rgb8 41. Kf2
bxa3 42. Rxa3 Rb2+ 43. Ke3 R2b3+ 44. Rxb3 Rxb3+ 45. Ke2 Rb8 46. Kf2 Kc7 47. Kg2
Kb6 48. Kf2 Kc5 49. Ke3 Rb3+ 50. Kf2 Kd4 51. Ke2 Ke5 52. Kf2 Kf4 53. Ke1 Kxf3
54. Kd1 Kxe4 55. Kc2 Rxh3 0-1

[Event "Taastrup Quick Weekend XIII B4 2011"]
[Site "Taastrup"]
[Date "2011.04.02"]
[Round "2"]
[White "Hansen, Jorgen Holm"]
[Black "Koch Muller, Victor"]
[Result "1/2-1/2"]
[WhiteElo "1000"]
[BlackElo "1000"]
[PlyCount "54"]
[EventDate "2011.??.??"]

1. e4 e5 2. Nf3 Nf6 3. Bc4 Qe7 4. d3 Nc6 5. Bg5 Nd4 6. Nxd4 exd4 7. O-O Qd6 8.
Qf3 Qe5 9. Bxf6 Qxf6 10. Qxf6 gxf6 11. a3 Rg8 12. g3 d6 13. Re1 Bh6 14. Bb5+ c6
15. Bc4 d5 16. exd5+ Kf8 17. d6 Bf4 18. Kf1 Bxd6 19. Nd2 Bh3+ 20. Kg1 Re8 21.
Rxe8+ Kxe8 22. Re1+ Kd7 23. Ne4 Rg6 24. Nxd6 Kxd6 25. Bxf7 Rg7 26. Bc4 Re7 27.
Rxe7 Kxe7 1/2-1/2

[Event "Taastrup Quick Weekend XIII B4 2011"]
[Site "Taastrup"]
[Date "2011.04.02"]
[Round "2"]
[White "Brix, Nicolai"]
[Black "Drygaard, Mikkel"]
[Result "1-0"]
[WhiteElo "1207"]
[BlackElo "1071"]
[PlyCount "35"]
[EventDate "2011.??.??"]

1. e4 c5 2. d4 Nc6 3. d5 Ne5 4. Nf3 Nxf3+ 5. Qxf3 e6 6. Bc4 Nf6 7. O-O Be7 8.
Re1 O-O 9. d6 Bxd6 10. e5 Bxe5 11. Rxe5 d5 12. Bb3 c4 13. Ba4 Qa5 14. Nc3 b5
15. Bh6 bxa4 16. Bxg7 Kxg7 17. Rg5+ Kh6 18. Qxf6# 1-0

[Event "Taastrup Quick Weekend XIII B4 2011"]
[Site "Taastrup"]
[Date "2011.04.02"]
[Round "2"]
[White "Morling, Aase"]
[Black "Larsen, Julie"]
[Result "1-0"]
[WhiteElo "1137"]
[BlackElo "1160"]
[PlyCount "73"]
[EventDate "2011.??.??"]

1. e4 e5 2. Nf3 Nc6 3. Bc4 Bc5 4. c3 Nf6 5. d4 exd4 6. cxd4 Bb4+ 7. Nc3 Nxe4 8.
O-O Nxc3 9. bxc3 Bxc3 10. Ba3 Bxa1 11. Re1+ Ne7 12. Bxe7 Qxe7 13. Rxe7+ Kxe7
14. Qxa1 d6 15. Qe1+ Kd8 16. Bxf7 Bf5 17. h3 Rf8 18. Bb3 Kd7 19. Qd2 c6 20. Bc2
Rae8 21. Bxf5+ Rxf5 22. Qd3 g6 23. Qd2 a5 24. a4 Rd5 25. Qb2 b5 26. axb5 cxb5
27. Qb3 Rf5 28. g4 Rf4 29. Qxb5+ Kd8 30. Qxa5+ Kd7 31. Qa3 d5 32. Ne5+ Kd8 33.
Qd6+ Kc8 34. Qxd5 Rd8 35. Qc6+ Kb8 36. Nd7+ Ka7 37. Qb6+ 1-0

[Event "Taastrup Quick Weekend XIII B4 2011"]
[Site "Taastrup"]
[Date "2011.04.02"]
[Round "2"]
[White "Hansen, Erik Friberg"]
[Black "Petersen, Albert Emil Lyng"]
[Result "1-0"]
[WhiteElo "1209"]
[BlackElo "1088"]
[PlyCount "85"]
[EventDate "2011.??.??"]

1. d4 d5 2. Nf3 Nc6 3. e3 Bf5 4. c3 Nf6 5. Bd3 Bg6 6. Qc2 e6 7. Nbd2 Qd6 8. e4
O-O-O 9. e5 Bxd3 10. Qxd3 Qe7 11. exf6 Qxf6 12. Nb3 Bd6 13. Bg5 Qg6 14. Qxg6
hxg6 15. Bxd8 Kxd8 16. Ng5 Ke7 17. Nf3 Kf6 18. O-O-O e5 19. dxe5+ Nxe5 20. Nxe5
Kxe5 21. Rde1+ Kf6 22. h3 Bf4+ 23. Kc2 c6 24. Nc5 Bc7 25. Nd3 Bb6 26. Re2 c5
27. Rhe1 c4 28. Ne5 Ba5 29. Nf3 Rd8 30. Nd4 a6 31. Re3 Bc7 32. Rf3+ Kg5 33.
Rxf7 Bd6 34. Ne6+ Kh6 35. Nxd8 Bh2 36. g3 Kh7 37. Rh1 Bxg3 38. fxg3 Kg8 39.
Rxb7 Kf8 40. Ne6+ Ke8 41. Nxg7+ Kd8 42. Re1 Kc8 43. Rf7 1-0

[Event "Taastrup Quick Weekend XIII B4 2011"]
[Site "Taastrup"]
[Date "2011.04.02"]
[Round "2"]
[White "Borregaard, Katinka Holmboe"]
[Black "Koch Mueller, Jesper"]
[Result "1-0"]
[WhiteElo "1028"]
[BlackElo "1000"]
[PlyCount "45"]
[EventDate "2011.??.??"]

1. e4 e6 2. Nc3 Nf6 3. Nf3 c6 4. a3 Qc7 5. d3 d5 6. Be2 Nbd7 7. Be3 Bd6 8. Qd2
Ng4 9. O-O-O Bc5 10. d4 Bb6 11. h3 dxe4 12. Nxe4 Ba5 13. Qd3 a6 14. hxg4 Qb6
15. d5 Qb5 16. Nd6+ Kd8 17. Nxb5 axb5 18. dxc6 bxc6 19. Ne5 Ra7 20. Bxa7 Bc7
21. Nxd7 Ke7 22. Bc5+ Kd8 23. Nb6+ 1-0

[Event "Taastrup Quick Weekend XIII B4 2011"]
[Site "Taastrup"]
[Date "2011.04.02"]
[Round "3"]
[White "Hansen, Erik Friberg"]
[Black "Koch Muller, Victor"]
[Result "1-0"]
[WhiteElo "1209"]
[BlackElo "1000"]
[PlyCount "43"]
[EventDate "2011.??.??"]

1. d4 d5 2. Nf3 Nf6 3. e3 Bf5 4. Bd3 Bxd3 5. Qxd3 Nc6 6. c3 e6 7. Nbd2 Bd6 8.
e4 Qe7 9. e5 Ng4 10. exd6 Qxd6 11. h3 Nf6 12. O-O O-O 13. Re1 Rae8 14. Ne5 Nxe5
15. dxe5 Qb6 16. exf6 gxf6 17. Qd4 Qc6 18. Qxf6 h5 19. Re3 Kh7 20. Rg3 Rg8 21.
Qxf7+ Kh8 22. Qxh5# 1-0

[Event "Taastrup Quick Weekend XIII B4 2011"]
[Site "Taastrup"]
[Date "2011.04.02"]
[Round "3"]
[White "Drygaard, Mikkel"]
[Black "Larsen, Julie"]
[Result "1-0"]
[WhiteElo "1071"]
[BlackElo "1160"]
[PlyCount "31"]
[EventDate "2011.??.??"]

1. d4 d5 2. c4 dxc4 3. e4 e6 4. Bxc4 Nc6 5. Nf3 b6 6. O-O Bb7 7. Bb5 Nge7 8.
Nc3 a6 9. Ba4 b5 10. Bb3 g6 11. Bg5 h6 12. Bf6 Rh7 13. d5 exd5 14. Nxd5 Qd6 15.
e5 Qc5 16. Nxc7# 1-0

[Event "Taastrup Quick Weekend XIII B4 2011"]
[Site "Taastrup"]
[Date "2011.04.02"]
[Round "3"]
[White "Petersen, Albert Emil Lyng"]
[Black "Borregaard, Katinka Holmboe"]
[Result "0-1"]
[WhiteElo "1088"]
[BlackElo "1028"]
[PlyCount "38"]
[EventDate "2011.??.??"]

1. e4 e5 2. Nf3 Nc6 3. Nc3 Nf6 4. Bb5 Bd6 5. O-O a6 6. Ba4 b5 7. Bb3 Nd4 8.
Nxd4 exd4 9. Ne2 Be5 10. f4 Bd6 11. e5 Bc5 12. exf6 d3+ 13. Kh1 dxe2 14. Qxe2+
Kf8 15. fxg7+ Kxg7 16. Qe5+ Qf6 17. Qxc5 Bb7 18. d4 Qg6 19. f5 Qxg2# 0-1

[Event "Taastrup Quick Weekend XIII B4 2011"]
[Site "Taastrup"]
[Date "2011.04.02"]
[Round "3"]
[White "Koch Mueller, Jesper"]
[Black "Hansen, Jorgen Holm"]
[Result "1-0"]
[WhiteElo "1000"]
[BlackElo "1000"]
[PlyCount "63"]
[EventDate "2011.??.??"]

1. d4 d6 2. Nf3 Bg4 3. Bf4 Nf6 4. Nbd2 Nd5 5. e3 Nxf4 6. exf4 Qd7 7. h3 Bxf3 8.
Nxf3 e6 9. Bd3 f6 10. Qe2 d5 11. O-O-O Bd6 12. g3 Nc6 13. c3 a6 14. g4 Bxf4+
15. Kb1 Na5 16. Rhg1 Qd6 17. Bf5 Qb6 18. Bxe6 Nc6 19. Bxd5+ Ne7 20. Rde1 Bd6
21. g5 Qb5 22. c4 Qa5 23. c5 Be5 24. dxe5 fxe5 25. Bxb7 Rb8 26. Bxa6 Qb4 27.
Nxe5 O-O 28. Bc4+ Kh8 29. Ng6+ Nxg6 30. h4 Rfe8 31. Qxe8+ Rxe8 32. Rxe8+ 1-0

[Event "Taastrup Quick Weekend XIII B4 2011"]
[Site "Taastrup"]
[Date "2011.04.02"]
[Round "3"]
[White "Morling, Aase"]
[Black "Brix, Nicolai"]
[Result "1-0"]
[WhiteElo "1137"]
[BlackElo "1207"]
[PlyCount "87"]
[EventDate "2011.??.??"]

1. e4 Nf6 2. Nc3 d5 3. exd5 Nxd5 4. Nxd5 Qxd5 5. Qf3 Qe5+ 6. Qe3 Nc6 7. Qxe5
Nxe5 8. d4 Ng6 9. Nf3 Bf5 10. c3 h6 11. Bc4 e6 12. O-O Bd6 13. Re1 Bg4 14. Ne5
Nxe5 15. dxe5 Bc5 16. Be3 Bxe3 17. Rxe3 O-O 18. h3 Bf5 19. Bd3 Rad8 20. Bxf5
exf5 21. Kf1 Rd2 22. Re2 Rfd8 23. f4 g5 24. fxg5 hxg5 25. Kf2 g4 26. hxg4 fxg4
27. Rae1 R8d3 28. Rxd2 Rxd2+ 29. Re2 Rd3 30. Re3 g3+ 31. Rxg3+ Rxg3 32. Kxg3
Kg7 33. Kf4 Kg6 34. Ke4 f6 35. e6 Kg7 36. Kf5 a5 37. g4 b5 38. a3 c5 39. g5
fxg5 40. Kxg5 a4 41. Kf5 c4 42. Ke5 b4 43. Kd6 Kf8 44. Kd7 1-0

[Event "Taastrup Quick Weekend XIII B4 2011"]
[Site "Taastrup"]
[Date "2011.04.03"]
[Round "4"]
[White "Larsen, Julie"]
[Black "Borregaard, Katinka Holmboe"]
[Result "1-0"]
[WhiteElo "1160"]
[BlackElo "1028"]
[PlyCount "149"]
[EventDate "2011.??.??"]

1. e4 e5 2. Nf3 Nf6 3. Nc3 Nc6 4. Bb5 Bb4 5. O-O O-O 6. d3 h6 7. Bxc6 dxc6 8.
Nxe5 Bxc3 9. bxc3 Qe7 10. Nf3 Bg4 11. Re1 Qc5 12. Bb2 Rad8 13. d4 Qh5 14. e5
Bxf3 15. Qxf3 Qxf3 16. gxf3 Nd5 17. Kh1 f6 18. Ba3 Rfe8 19. exf6 Nxf6 20. Rg1
Nd5 21. c4 Nf4 22. Rad1 Nh3 23. Rgf1 Re2 24. Kg2 Ng5 25. h4 Nf7 26. c3 Rxa2 27.
Bc1 Ra4 28. c5 b6 29. Be3 bxc5 30. dxc5 Rxd1 31. Rxd1 Rxh4 32. Rd7 a5 33. Rxc7
Rc4 34. Bd4 a4 35. Rxc6 Kh7 36. Ra6 Nd8 37. Kf1 Nb7 38. c6 Nd6 39. Ke2 a3 40.
Rxa3 Rxc6 41. Ra7 Nf5 42. Be5 Re6 43. f4 h5 44. Kf3 Rg6 45. Ke4 h4 46. Kxf5 h3
47. Ra1 h2 48. Rh1 Rg2 49. f3 Kh6 50. Ke4 Kh5 51. f5 Re2+ 52. Kd3 Rxe5 53.
Rxh2+ Kg5 54. Rg2+ Kf6 55. f4 Rxf5 56. Ke4 Rc5 57. Rc2 Kg6 58. Kd4 Rc8 59. c4
Kf5 60. Rf2 Ke6 61. c5 Rd8+ 62. Kc4 Kd7 63. Rd2+ Kc7 64. Rxd8 Kxd8 65. c6 Kc7
66. Kc5 Kd8 67. Kd6 Kc8 68. c7 g5 69. fxg5 Kb7 70. Kd7 Ka7 71. c8=Q Kb6 72.
Qc6+ Ka7 73. Qb5 Ka8 74. Kc7 Ka7 75. Qb7# 1-0

[Event "Taastrup Quick Weekend XIII B4 2011"]
[Site "Taastrup"]
[Date "2011.04.03"]
[Round "4"]
[White "Koch Mueller, Jesper"]
[Black "Koch Muller, Victor"]
[Result "0-1"]
[WhiteElo "1000"]
[BlackElo "1000"]
[PlyCount "62"]
[EventDate "2011.??.??"]

1. d4 d5 2. Bf4 Nf6 3. e3 Bf5 4. Nc3 Ne4 5. Nb5 Na6 6. Qe2 c6 7. O-O-O Qa5 8.
Nc7+ Nxc7 9. Rd3 Nxf2 10. Qxf2 Bxd3 11. Bxd3 O-O-O 12. c3 Qxa2 13. Bb1 Qa6 14.
Be5 f6 15. Bf4 g5 16. Bf5+ e6 17. Bxe6+ Nxe6 18. Bg3 Qa1+ 19. Kc2 Qa4+ 20. Kd3
Bd6 21. Ne2 Bxg3 22. Nxg3 c5 23. Qxf6 Rde8 24. Nf5 Rhf8 25. Nd6+ Kd7 26. Qe5
Re7 27. Qxg5 Nxg5 28. g4 Rf2 29. Rc1 Nf3 30. c4 Qb3+ 31. Rc3 Qd1# 0-1

[Event "Taastrup Quick Weekend XIII B4 2011"]
[Site "Taastrup"]
[Date "2011.04.03"]
[Round "4"]
[White "Petersen, Albert Emil Lyng"]
[Black "Hansen, Jorgen Holm"]
[Result "1-0"]
[WhiteElo "1088"]
[BlackElo "1000"]
[PlyCount "75"]
[EventDate "2011.??.??"]

1. e4 e5 2. Nf3 d6 3. Bc4 Qe7 4. O-O Bg4 5. d3 Nf6 6. Nc3 Nc6 7. Be3 Qd7 8. Nd5
Nxd5 9. exd5 Ne7 10. a4 Nf5 11. Bb5 c6 12. dxc6 bxc6 13. Ba6 Nxe3 14. fxe3 Be7
15. e4 d5 16. exd5 Bc5+ 17. Kh1 O-O 18. dxc6 Qxc6 19. Bb5 Qf6 20. Qd2 h6 21.
Nd4 Qg5 22. Qxg5 hxg5 23. Nb3 Bd4 24. c3 Be3 25. Rae1 Bf4 26. g3 Bxg3 27. hxg3
Rad8 28. Rxe5 Rb8 29. Re7 Be6 30. c4 f6 31. Rxe6 Kh7 32. Nc5 Rbd8 33. Rd1 Kg6
34. d4 Rh8+ 35. Kg2 Kf5 36. d5 Rc8 37. b4 Kg6 38. d6 1-0

[Event "Taastrup Quick Weekend XIII B4 2011"]
[Site "Taastrup"]
[Date "2011.04.03"]
[Round "4"]
[White "Drygaard, Mikkel"]
[Black "Morling, Aase"]
[Result "1-0"]
[WhiteElo "1071"]
[BlackElo "1137"]
[PlyCount "113"]
[EventDate "2011.??.??"]

1. d4 Nf6 2. c4 e6 3. Bg5 h6 4. Bh4 Bb4+ 5. Nd2 O-O 6. Ngf3 d6 7. a3 Bxd2+ 8.
Qxd2 Nbd7 9. e3 b6 10. d5 exd5 11. cxd5 Bb7 12. Bc4 Re8 13. Qd4 Ne5 14. Nxe5
dxe5 15. Qd3 Qd6 16. O-O Bxd5 17. Bxf6 Bxc4 18. Qxc4 gxf6 19. Rfd1 Qe7 20. Qg4+
Kh7 21. Rd7 Qe6 22. Qxe6 Rxe6 23. Rxf7+ Kg6 24. Rxc7 Rd6 25. h3 a5 26. Rac1
Rad8 27. g3 Rd2 28. b4 axb4 29. axb4 Rb2 30. R1c4 h5 31. f4 Rb3 32. Kf2 Rd2+
33. Kf3 Rbb2 34. fxe5 Rf2+ 35. Ke4 f5+ 36. Kd5 Rfd2+ 37. Rd4 Rxd4+ 38. exd4
Rxb4 39. e6 Kf6 40. e7 Kf7 41. Ke5 Rb5+ 42. d5 Rc5 43. Rxc5 bxc5 44. d6 h4 45.
gxh4 c4 46. h5 c3 47. h6 c2 48. h7 c1=Q 49. e8=Q+ Kxe8 50. h8=Q+ Kd7 51. Qh7+
Kc8 52. Qc7+ Qxc7 53. dxc7 Kxc7 54. Kxf5 Kd6 55. Kg6 Ke6 56. h4 Ke7 57. Kg7 1-0

[Event "Taastrup Quick Weekend XIII B4 2011"]
[Site "Taastrup"]
[Date "2011.04.03"]
[Round "4"]
[White "Hansen, Erik Friberg"]
[Black "Brix, Nicolai"]
[Result "1-0"]
[WhiteElo "1209"]
[BlackElo "1207"]
[PlyCount "56"]
[EventDate "2011.??.??"]

1. d4 d5 2. Nf3 e6 3. e3 c5 4. b3 Nf6 5. Bd3 Nc6 6. a3 Be7 7. Bb2 O-O 8. O-O
Re8 9. Nbd2 a6 10. c4 cxd4 11. exd4 Qc7 12. Qc2 g6 13. Rac1 Bf8 14. Ne5 Bh6 15.
f4 Nh5 16. g3 Nxe5 17. dxe5 b5 18. cxb5 Qb6+ 19. Qc5 Qxc5+ 20. Rxc5 Bf8 21. Rc7
axb5 22. b4 Rb8 23. Rfc1 Ng7 24. Ra7 Re7 25. Rxe7 Bxe7 26. Nb3 Nf5 27. Bxf5
gxf5 28. Nd4 Rb6 1-0

[Event "Taastrup Quick Weekend XIII B4 2011"]
[Site "Taastrup"]
[Date "2011.04.03"]
[Round "5"]
[White "Koch Mueller, Jesper"]
[Black "Petersen, Albert Emil Lyng"]
[Result "0-1"]
[WhiteElo "1000"]
[BlackElo "1088"]
[PlyCount "68"]
[EventDate "2011.??.??"]

1. d4 d5 2. Bf4 Nc6 3. e3 Nf6 4. Nd2 Bf5 5. c3 e6 6. Ngf3 Bd6 7. Qe2 Bxf4 8.
exf4 Qd6 9. g3 Ne7 10. Qb5+ c6 11. Qxb7 O-O 12. c4 Ne4 13. Be2 c5 14. Bd3 cxd4
15. Nxd4 Rfb8 16. Nb5 Rxb7 17. Nxd6 Nxd6 18. Bxf5 Nexf5 19. c5 Ne4 20. Nf3 f6
21. c6 Rxb2 22. Rc1 Nfd6 23. h4 Rxa2 24. h5 Nxf2 25. Rh2 Nd3+ 26. Kd1 Rxh2 27.
Nxh2 Nxc1 28. Kxc1 Rc8 29. Ng4 Rxc6+ 30. Kd2 f5 31. Ne5 Nc4+ 32. Kd3 Nxe5+ 33.
fxe5 a5 34. Ke3 Rc4 0-1

[Event "Taastrup Quick Weekend XIII B4 2011"]
[Site "Taastrup"]
[Date "2011.04.03"]
[Round "5"]
[White "Borregaard, Katinka Holmboe"]
[Black "Drygaard, Mikkel"]
[Result "0-1"]
[WhiteElo "1028"]
[BlackElo "1071"]
[PlyCount "94"]
[EventDate "2011.??.??"]

1. e4 c5 2. Nf3 Nc6 3. Nc3 Nf6 4. Bc4 e6 5. b3 d5 6. e5 dxc4 7. exf6 Qxf6 8.
bxc4 Bd6 9. Bb2 O-O 10. Na4 Qg6 11. Nh4 Qe4+ 12. Qe2 Qxh4 13. g3 Qe7 14. O-O-O
Nd4 15. Qd3 Qf6 16. f4 Qf5 17. Qxf5 Nxf5 18. Nc3 a6 19. Ne4 Bc7 20. Nxc5 b5 21.
cxb5 axb5 22. a3 Bd6 23. Ne4 Bxa3 24. g4 Bb7 25. Nc3 Bxb2+ 26. Kxb2 Bxh1 27.
Rxh1 Nd4 28. h4 b4 29. Nd1 Ra5 30. c3 bxc3+ 31. dxc3 Rb8+ 32. Kc1 Nb3+ 33. Kc2
Ra1 34. h5 Rd8 35. g5 Rd2+ 36. Kxb3 Raxd1 37. Rxd1 Rxd1 38. c4 Kf8 39. Kb4 Rd4
40. Kb5 Ke7 41. c5 Kd7 42. Kb6 Rb4+ 43. Ka5 Rb1 44. h6 gxh6 45. gxh6 Kc6 46. f5
Kxc5 47. fxe6 Ra1# 0-1

[Event "Taastrup Quick Weekend XIII B4 2011"]
[Site "Taastrup"]
[Date "2011.04.03"]
[Round "5"]
[White "Morling, Aase"]
[Black "Hansen, Erik Friberg"]
[Result "1/2-1/2"]
[WhiteElo "1137"]
[BlackElo "1209"]
[PlyCount "63"]
[EventDate "2011.??.??"]

1. e4 d5 2. exd5 Qxd5 3. Nc3 Qa5 4. d4 c6 5. Nf3 Bg4 6. Be2 Nf6 7. Bd2 Qc7 8.
O-O e6 9. h3 Bh5 10. Ne5 Bxe2 11. Qxe2 Bd6 12. Bf4 O-O 13. Ne4 Nxe4 14. Qxe4
Re8 15. Nd3 Bxf4 16. Qxf4 Qxf4 17. Nxf4 Nd7 18. Rfe1 Nb6 19. b3 Rad8 20. Rad1
Nd5 21. Nxd5 exd5 22. c3 Kf8 23. f3 Rxe1+ 24. Rxe1 Re8 25. Rxe8+ Kxe8 26. Kf2
Ke7 27. Ke3 Kd6 28. Kd3 b6 29. b4 b5 30. g3 f5 31. f4 h5 32. h4 1/2-1/2

[Event "Taastrup Quick Weekend XIII B4 2011"]
[Site "Taastrup"]
[Date "2011.04.03"]
[Round "5"]
[White "Hansen, Jorgen Holm"]
[Black "Larsen, Julie"]
[Result "0-1"]
[WhiteElo "1000"]
[BlackElo "1160"]
[PlyCount "86"]
[EventDate "2011.??.??"]

1. e4 e5 2. Nf3 Nc6 3. Bb5 d6 4. d3 Nf6 5. Bg5 Be7 6. Nc3 O-O 7. O-O Bg4 8. h3
Bxf3 9. Qxf3 Nd4 10. Qd1 c6 11. Bc4 d5 12. exd5 cxd5 13. Bb3 Nxb3 14. axb3 d4
15. Bxf6 Bxf6 16. Ne4 Be7 17. c3 f5 18. Ng3 Qd7 19. b4 Kh8 20. Ra5 Qd6 21. Rb5
b6 22. Re1 Bf6 23. Nxf5 Qd7 24. Qf3 Qxb5 25. Nd6 Qd7 26. Ne4 Rac8 27. Nxf6 Rxf6
28. Qg4 Qxg4 29. hxg4 dxc3 30. bxc3 Rxc3 31. Rxe5 Kg8 32. b5 Rxd3 33. Re7 Ra3
34. g5 Rf5 35. Re8+ Kf7 36. Rh8 Rxg5 37. Rxh7 Rxb5 38. Kh2 a5 39. f4 Kg6 40.
Rh4 Rc3 41. g3 a4 42. g4 Rb2+ 43. Kg1 Rc1# 0-1